Países da Copa do Mundo 2022 em um Mapa - Statistics

Estatísticas Gerais
  • Esse quiz foi jogado 286 vezes
  • A pontuação média é 23 de 31
Respostas no mapa
Respostas codificadas por cores de uma escala verde-vermelha no mapa do quiz de acordo com a % correta abaixo.
 
Estatísticas das Respostas
Resposta % Correto
Estados Unidos
90%
Equador
88%
Reino Unido
86%
Brasil
85%
Austrália
84%
México
84%
Arábia Saudita
81%
Espanha
81%
Japão
81%
Argentina
80%
Canadá
80%
Dinamarca
80%
França
79%
Portugal
78%
Uruguai
78%
Coreia do Sul
77%
Costa Rica
77%
Alemanha
76%
Irã
76%
Marrocos
73%
Tunísia
73%
Catar
72%
Polônia
71%
Bélgica
65%
Croácia
64%
Suíça
64%
Holanda
60%
Senegal
60%
Sérvia
60%
Gana
59%
Camarões
57%
Nenhum quiz correspondente encontrado
Distribuição das Pontuações
Porcentagem de Pessoas com Cada Pontuação
Percentil de Números Respondidos
Sua Pontuação Histórica
Você não jogou esse quiz